| 000 | 00423nam a2200157Ia 4500 | ||
|---|---|---|---|
| 005 | 20250411041409.0 | ||
| 008 | 240331s9999 xx 000 0 und d | ||
| 020 | _a955803357X | ||
| 082 |
_bSAS _a891 |
||
| 100 | _aSesan,G.P | ||
| 245 | 0 | _aKudu kirillee,Arabiye diyaniyo,Welikathre kumari | |
| 260 |
_aDehiwala _bVidurshan Publishers _c2003 |
||
| 300 | _aX, 285 p ., | ||
| 500 | _aStory of a Daughter of Arabic | ||
| 942 | _cL | ||
| 999 |
_c5596 _d5596 |
||